000 00441cam a22001934a 4500
005 20250605164321.0
008 250528s ||||||||||||||||||||||||d
035 _a22921
020 _a9780754619840
040 _aGR-AtMCL
_bgre
_dGR-AtMCL
_eAACR2
245 1 _aPRINCIPLES OF MANAGEMENT
250 _a2
260 _bAshgate,
_c2004
300 _a576
700 1 _aMorden Tony
_91804
942 _cBK
999 _c7964
_d7964